VLSI circuits and systems in silicon /

Detaylı Bibliyografya
Diğer Yazarlar: Brown, Andrew, 1955 July 28-
Materyal Türü: Kitap
Dil:English
Baskı/Yayın Bilgisi: London ; New York : McGraw-Hill, c1991.
Konular:
Classic Catalogue: View this record in Classic Catalogue
LEADER 01373nam a2200289 a 4500
001 0020168
003 BD-DhAAL
008 100425s1991 enkaf b 001 0 eng d
010 |a  90033081  
020 |a 0077072219  
040 |a DLC  |c DLC  |d DLC  |d BD-DhAAL 
082 0 0 |a 621.395  |2 20 
245 0 0 |a VLSI circuits and systems in silicon /  |c edited by Andrew Brown. 
260 |a London ;  |a New York :  |b McGraw-Hill,  |c c1991. 
300 |a ix, 467 p., 16 p. of plates :  |b ill. (some col.) ;  |c 24 cm 
500 |a Based on notes used in conjunction with a short course at Southampton University since 1982. 
504 |a Includes bibliographical references and index. 
526 |a EEE 
541 1 |e 20168 
650 0 |a Integrated circuits  |x Very large scale integration  |x Design and construction  |x Data processing.  |9 58972 
650 0 |a Silicon compilers.  |9 58973 
700 1 |a Brown, Andrew,  |d 1955 July 28-  |9 58974 
852 4 |a Ayesha Abed Library  |c General Stacks 
942 |2 ddc  |c BK 
999 |c 8232  |d 8232 
952 |0 0  |1 0  |2 ddc  |4 0  |6 621_395000000000000_VLS_1991  |7 0  |9 9440  |a BRACUL  |b BRACUL  |c GEN  |d 2010-04-25  |l 1  |m 9  |o 621.395 VLS  |p 3010020168  |r 2025-12-22  |s 2025-09-09  |t 1  |w 2010-04-25  |y BK 
952 |0 0  |1 0  |2 ddc  |4 0  |6 621_395000000000000_VLS_1991  |7 0  |9 10848  |a BRACUL  |b BRACUL  |c GEN  |d 2010-06-10  |e Trim Education  |g 6350.00  |l 5  |m 44  |o 621.395 VLS  |p 3010020423  |r 2025-10-14  |s 2025-07-14  |t 2  |v 12700.00  |w 2010-06-10  |y BK